000 00576njm a2200181 i 4500
001 C2-0217992
003 PPAK
005 20180729152100.0
008 990718s1989 my |||| ||||| | may d
040 _aPPAK
_beng
_cPPAK
_erda
245 0 0 _aBangunan bersejarah di Negeri Kedah
264 1 _aAlor Setar, Kedah :
_bPerbadanan Perpustakaan Awam Kedah ,
_c1989
336 _2rdacontent
_atext
337 _2rdamedia
_aunmediated
338 _2rdacarrier
_avolume
500 _aDirakam pada 21/6/89 ; Temubual dengan Tuan Haji Ismail Salleh ; Tiada transkripsi
942 _ddc
_cB
999 _c163113
_d163113